Sea shapes / (Record no. 4474)

MARC details
000 -LEADER
fixed length control field 01311cam a2200349 a 4500
001 - CONTROL NUMBER
control field 4474
003 - CONTROL NUMBER IDENTIFIER
control field FISKH
005 - DATE AND TIME OF LATEST TRANSACTION
control field 20240911145958.0
008 - FIXED-LENGTH DATA ELEMENTS--GENERAL INFORMATION
fixed length control field 930628s1994 caua j 000 0 eng
010 ## - LIBRARY OF CONGRESS CONTROL NUMBER
LC control number 93027957
020 ## - INTERNATIONAL STANDARD BOOK NUMBER
International Standard Book Number 0152000275
020 ## - INTERNATIONAL STANDARD BOOK NUMBER
International Standard Book Number 9780152017002
040 ## - CATALOGING SOURCE
Original cataloging agency DLC
Transcribing agency DLC
Modifying agency DLC
Language of cataloging eng
050 ## - LIBRARY OF CONGRESS CALL NUMBER
Classification number QA445.M32
082 ## - DEWEY DECIMAL CLASSIFICATION NUMBER
Classification number 516
100 1# - MAIN ENTRY--PERSONAL NAME
Personal name MacDonald, Suse.
245 10 - TITLE STATEMENT
Title Sea shapes /
Statement of responsibility, etc. by Suse MacDonald.
250 ## - EDITION STATEMENT
Edition statement First Voyager Books edition 1998
260 ## - PUBLICATION, DISTRIBUTION, ETC.
Place of publication, distribution, etc. New York : Voyager Books,
Date of publication, distribution, etc. 1994
300 ## - PHYSICAL DESCRIPTION
Extent 30 unnumbered pages :
Other physical details color illustrations ;
Dimensions 23 x 28 cm
505 ## - FORMATTED CONTENTS NOTE
Formatted contents note D<br/>
520 ## - SUMMARY, ETC.
Summary, etc. This engaging concept book invites very young children to identify basic shapes that transform into beautiful undersea creatures. Includes an informative glossary of sea facts. "Delectable viewing pleasure."--The Horn Book "Elegantly conjures up an undersea world in which a square evolves into a skate while hexagons combine to make a turtle's shell."
521 ## - TARGET AUDIENCE NOTE
Target audience note 160<br/>
Source Lexile <br/>
521 ## - TARGET AUDIENCE NOTE
Target audience note D<br/>
Source Raz-Plus <br/>
650 #0 - SUBJECT ADDED ENTRY--TOPICAL TERM
Topical term or geographic name entry element Geometry
General subdivision Juvenile literature.
650 #0 - SUBJECT ADDED ENTRY--TOPICAL TERM
Topical term or geographic name entry element Marine animals
General subdivision Juvenile literature.
650 #1 - SUBJECT ADDED ENTRY--TOPICAL TERM
Topical term or geographic name entry element Shape.
650 #1 - SUBJECT ADDED ENTRY--TOPICAL TERM
Topical term or geographic name entry element Marine animals.
906 ## - LOCAL DATA ELEMENT F, LDF (RLIN)
a 7
b cbc
c orignew
d 1
e ocip
f 19
g y-gencatlg
942 ## - ADDED ENTRY ELEMENTS (KOHA)
Source of classification or shelving scheme Dewey Decimal Classification
Koha item type Books
Suppress in OPAC No
Holdings
Withdrawn status Lost status Source of classification or shelving scheme Damaged status Not for loan Collection Home library Current library Shelving location Date acquired Total Checkouts Full call number Barcode Date last seen Price effective from Koha item type
    Dewey Decimal Classification     Non-Fiction Footprints International School Library Network Toul Kork Campus Footprints International School Library Network Toul Kork Campus TK Primary Library Room(4th Floor), Bookcase 7, Shelves 57-60, Dark Green Books 09/11/2024   MAC 516 QA445.M32 FISTK02871 09/11/2024 09/11/2024 Books